Statistics for Fictional Billionaires

Click here to take the quiz!

General Stats

  • This quiz has been taken 9,428 times
    (5,948 since last reset)
  • The average score is 13 of 20

Answer Stats

ClueAnswer% Correct
Gotham City's richest residentBruce Wayne
96%
Billionaire playboy who designed a weaponized body suitTony Stark
90%
She redeems children's teeth for cashThe Tooth Fairy
81%
Oddball chocolate company ownerWilly Wonka
80%
Sexy video game archaeologistLara Croft
76%
The richest duck in DuckburgScrooge McDuck
75%
This jolly old elf has the logistics capacity to deliver over a billion
packages in a single night
Santa Claus
74%
This pure-blood wizard has a son named Draco who is spoiled rottenLucius Malfoy
70%
Owner of the Springfield Nuclear Power PlantC. Montgomery Burns
69%
"50 Shades" billionaireChristian Grey
68%
The richest and most evil man in MetropolisLex Luthor
66%
Parlayed his shrimp money into Apple stockForrest Gump
64%
Dragon of the Lonely MountainSmaug
61%
Fat gangster slug who controls the Kessel Spice Trade in the Outer RimJabba the Hutt
61%
Bond villain who, already the richest man in Britain, wants to rob Fort KnoxAuric Goldfinger
51%
Wealthy cartoon child with a robot maidRichie Rich
44%
Wall Street tycoon who thinks "greed is good"Gordon Gekko
43%
Has all the gold in Casterly RockTywin Lannister
42%
Lived at Xanadu but longed for his childhood sledCharles Foster Kane
36%
1920s bootlegger of West Egg, New YorkJay Gatsby
35%

Score Distribution

Percentile by Number Answered

Percent of People with Each Score

Your Score History

You have not taken this quiz since the last reset